| 000 | 01149cam a22003134a 4500 | ||
|---|---|---|---|
| 001 | 347 | ||
| 003 | BD-RjUL | ||
| 005 | 20211208233149.0 | ||
| 008 | 131117s2008 ii a b 001 0 eng d | ||
| 020 | _a813090974X | ||
| 020 | _a9788130909745 | ||
| 035 |
_a(BD-RjUL)364 _a(OCoLC)ocm65197881 |
||
| 040 |
_aDLC _cDLC _dBD-RjUL _beng |
||
| 041 | _aeng | ||
| 082 | 0 | 0 |
_a005.1 _222 _bKAG 2008 |
| 100 | 1 |
_aKastens, Uwe. _91104 |
|
| 245 | 1 | 0 |
_aGenerating software from specifications / _cUwe Kastens, Anthony M. Sloane, William M. Waite. |
| 260 |
_a New Delhi ; _amumbai : _bJones and Bartlett Publishers; Viva Books, _c2008 |
||
| 300 |
_axi, 413 p. : _bill. ; _c24 cm. |
||
| 504 | _aIncludes bibliographical references and index. | ||
| 650 | 0 |
_aComputer software _xDevelopment. _9954 |
|
| 650 | 0 |
_aComputer software _vSpecifications. _91105 |
|
| 700 | 1 |
_aWaite, W. M. _q(William McCastline) _91106 |
|
| 700 | 1 |
_aSloane, Anthony M. _91107 |
|
| 856 | 4 | 2 |
_3WorldCat Details _uhttp://www.worldcat.org/title/generating-software-from-specifications/oclc/65197881&referer=brief_results |
| 942 |
_2ddc _cBK |
||
| 999 |
_c347 _d347 |
||